| 000 | 00599nam a2200217 a 4500 | ||
|---|---|---|---|
| 001 | BRCA_2020 | ||
| 005 | 20190320203634.0 | ||
| 008 | 170608s2010----mx-a######---#000-0#spa-# | ||
| 020 | _a9786077622673 | ||
| 041 | _aspa | ||
| 044 | _amx | ||
| 050 | 4 |
_aN8217 _b.P37 2010 |
|
| 245 | 1 | 0 |
_aParaíso recobrado _bescenario rural del arte mexicano. |
| 260 |
_aMéxico _bINBA _c2010 |
||
| 300 |
_a91 p. _bil. a color _c23 cm. |
||
| 500 | _aIncluye lista de obra | ||
| 650 | 1 | 4 |
_aCampo en el arte _96172 |
| 650 | 1 | 4 |
_aCampesinos en el arte _96173 |
| 650 | 1 | 4 |
_aArte mexicano _ySiglo XX _94500 |
| 942 |
_2lcc _cB |
||
| 999 |
_c1786 _d1786 |
||